La relacin̤ de causalidad en la responsabilidad por el hecho propio

Detalles Bibliográficos
Autor principal: Paludi, Oswaldo G.
Formato: eBook
Lenguaje:español
Publicado: [Buenos Aires] : Editorial Astrea de Alfredo y Ricardo Depalma, 1976.
Materias:
Acceso en línea:Acceso restringido

MARC

LEADER 00000nam a22000007a 4500
005 20110916132827.0
008 110916s1976 ag ||||s|||| 00| 0 spa d
035 |a 2056 
040 |a vLex 
090 |c 2480  |d 2480 
100 1 |a Paludi, Oswaldo G. 
245 1 3 |a La relacin̤ de causalidad en la responsabilidad por el hecho propio  |h [Recurso electrn̤ico] /  |c Oswaldo G. Paludi  
256 |a Servicio en ln̕ea. 
260 |a [Buenos Aires] :  |b Editorial Astrea de Alfredo y Ricardo Depalma,  |c 1976. 
300 |a 1 recurso electrn̤ico 
506 1 |a Contenido solo disponible en los productos indicados  |d vLex Global  |d vLex Global (Academic Edition, excluding Law Schools)  |d vLex Global (U.S. Academic Edition, Law Schools)  |d vLex Global (U.S. Academic Edition, excluding Law Schools)  |d vLex Global (Academic Edition, Law Schools) 
650 0 4 |a Derecho  |z Argentina 
740 0 |a vLex Libros (Servicio en ln̕ea) 
856 4 0 |u http://vlex.com/source/relacion-causalidad-responsabilidad-hecho-propio-2056  |z Acceso restringido 
942 |c BOOK